000
002680000a22000970004500
100
1
_a
Meggitt, Justin J.
245
1
0
_a
The social status of Erastus (Romans 16:23)
300
_a
Vol. 38, Num. 3 (Julio, 1996), Páginas 218-223
773
0
_t
Novum Testamentum
942
_c
ANA
999
_c
56922
_d
56922